000 00675nam a2200181Ia 4500
008 090630s9999 xx 000 0 und d
082 _b5839
100 _aमराठे प्रभाकर द.
245 _aधैर्य समुद्र ढवळला.
_cमराठे प्रभाकर द.
260 _bसरिता.
_c1978
300 _a188
600 _aमराठे प्रभाकर द.
630 _aधैर्य समुद्र ढवळला.
655 _aकादंबरी.
700 _aमराठे प्रभाकर द.
730 _aधैर्य समुद्र ढवळला.
942 _cBOOK
999 _c257695
_d257695